00431nam a22001337a 4500999001700000082001200017100002800029245006300057260002700120300000700147700004100154942001100195952009100206 c66751d66748 aR/3ME17 aAli Hyder Jatoia17ME20 aTooth Strength Analysis of Helical Gear on Ansys Workbench aNawabshahbQUESTc2020 a28 aDepartment of Mechanical Engineering cTHESIS 00104070aRESEARCHbRESEARCHd2021-01-06l0pMEP/34-423r2021-01-06 00:00:00yTHESIS